00411 2200169 4500001002100000005001500021008004100036020001700077035001900094082000800113090001400121100001600135245001400151250001100165260004500176300002000221INLIS00000000002104020241224130952241224||||||||| | ||| |||| ||  a979-05-592-9 0010-12240210400 a813 a813 BLY i0 aEnid Blyton00aberkelana aCet.13 aJakartabpt gramedia pustaka utamac2006 a272 hlm.; 18 cm